| 000 | 00443nam a22001817a 4500 | ||
|---|---|---|---|
| 003 | OSt | ||
| 005 | 20250903172531.0 | ||
| 008 | 250903b |||||||| |||| 00| 0 eng d | ||
| 020 | _a97817850443352 | ||
| 082 |
_a306.893 _b DOYU |
||
| 100 | _aDoyale, Glennon | ||
| 245 | _aUntamed: Stop pleasing , start living | ||
| 260 |
_aUK _bPeguin Random House |
||
| 300 | _a333p. | ||
| 546 | _aEnglish | ||
| 651 | _aSocial Science | ||
| 942 |
_2ddc _cBK |
||
| 999 |
_c3851 _d3851 |
||